| 000 | 00382cam a2200157ua 4500 | ||
|---|---|---|---|
| 041 |
_aeng _h |
||
| 082 |
_a658.456 _bBER/NE |
||
| 100 | _aBert, . | ||
| 245 |
_aNew ways to Better Meetings / _cBert. _hTextual Documents |
||
| 260 |
_aNewyork : _bThe Viklny press , _c1960. |
||
| 300 | _a177 ; . | ||
| 504 | _a | ||
| 700 | 1 | _aStrauss, Frances . | |
| 942 | _cBK | ||
| 999 |
_c940 _d940 |
||